| 000 | 01639nam a2200241Ia 4500 | ||
|---|---|---|---|
| 999 |
_c52958 _d52958 |
||
| 001 | 19989 | ||
| 003 | GE_BSU | ||
| 005 | 20200527194741.0 | ||
| 008 | 181216s2007||||ge |||||||||||||| ||geo|| | ||
| 020 | _aISBN 99940-25-75-9 | ||
| 040 | _cGE_BSU | ||
| 041 | _ageo | ||
| 080 | _a821.353.1(092 გურამიშვილი, დ.) ჩ-82 | ||
| 100 |
_aჩოხარაძე, მალხაზ _98240 |
||
| 245 |
_aდავით გურამიშვილის ცხოვრება და შემოქმედება : _bაბიტურიენტის სახელმძღვ. ერთიანი ეროვნ. გამოცდებისთვის მოსამზადებლად / _cმალხაზ ჩოხარაძე ; რედ.: მურმან გორგოშაძე, ქეთევან შოთაძე. |
||
| 264 |
_aბათუმი : _bბათუმის შოთა რუსთაველის სახელმწ. უნ-ტის გამ-ბა, _c2007. |
||
| 300 |
_a160 გვ. ; _c20 სმ. |
||
| 541 | _h5ლ. | ||
| 653 | _aგურამიშვილი, დავით; ქართული ლიტერატურის ისტორია და კრიტიკა | ||
| 653 | _aქართული ლიტერატურა | ||
| 710 |
_aშოთა რუსთაველის სახელმწიფო უნივერსიტეტის სასწავლო საგანმანათლებლო ცენტრის ბიბლიოთეკა _98241 |
||
| 942 |
_cBK _2udc |
||